10 smallest countries in size - Statistics

General Stats
  • This quiz has been taken 39 times
  • The average score is 7 of 10
Answer Stats
Country % Correct
San Marino
97%
Vatican City
97%
Monaco
88%
Liechtenstein
81%
Nauru
81%
Saint Kitts and Nevis
72%
Tuvalu
72%
Maldives
53%
Malta
53%
Marshall Islands
53%
No matching quizzes found
Score Distribution
Percent of People with Each Score
Percentile by Number Answered
Your Score History
You have not taken this quiz